00695nam a22002417a 45000010005000000030006000050050017000110080041000280200015000690400029000840500014001130820010001271000018001372450065001552600039002203000049002594900022003085050008003305210029003385210020003676500029003877000037004168389FISKH20250910123016.0250910b cb ||||| |||| 00| 0 eng d a0864150091 aFISKHbengcFISKHdFISKH aHE551.P46 a387.1 aPepper, Susan aPort / cText: Susan Pepper : Photograph : Chris Fairclough  aSydney : bFranklin Watts ,c1984. a30 pages : bcolor illustrations ;c22 cm .  aBehind the Scenes aK 8 a510 bLexile estimate 8 aK bRaz-Plus  aHomeschoolvPicture Book aFairclough, ChrisePhotographer